000 00854cam a22002893a 4500
001 11393
003 PGUSA
005 20140828083236.0
008 040301s2004||||xxu|||||s|||||000 1 eng d
040 _aPGUSA
_beng
042 _adc
050 4 _aPQ
100 1 _aVerne, Jules,
_d1828-1905
245 1 0 _a20.000 Mijlen onder Zee :
_bWestelijk Halfrond
_h[electronic resource] /
_cJules Verne
260 _bProject Gutenberg,
_c2004
500 _aVolume 2 (of 2)
506 _aPublic domain in the USA.
516 _aElectronic text
653 _aUnderwater exploration -- Fiction
653 _aScience fiction
653 _aSubmarines (Ships) -- Fiction
653 _aSea stories
740 0 _aVingt mille lieues sous les mers. Dutch
830 0 _aProject Gutenberg
_v11393
856 4 0 _uhttp://www.gutenberg.org/ebooks/11393
942 _cEB
999 _c240648
_d240648